Top 15 Countries with Covid-19 Deaths - 15 June - Statistics

General Stats
  • This quiz has been taken 36 times
  • The average score is 14 of 20
Answer Stats
country % Correct
United States
100%
United Kingdom
91%
Canada
88%
India
88%
Italy
88%
Mexico
88%
Russia
88%
Brazil
85%
France
85%
Spain
85%
Germany
74%
Sweden
71%
Belgium
59%
Iran
59%
Netherlands
59%
Chile
53%
Ireland
50%
Peru
50%
Switzerland
47%
Ecuador
35%
No matching quizzes found
Score Distribution
Percent of People with Each Score
Percentile by Number Answered
Your Score History
You have not taken this quiz